Sports Quiz

Random Sports or Basketball Quiz

NBA Who Am I Quiz Stats

 Plays Quiz not verified by Sporcle

Challenge
Share
Tweet
Embed
Score 0/11 Timer 05:00
0 Plays Today
clue player % Correct
I possessed a low-post move called the Dream ShakeHakeem Olajuwon
80%
A childhood accident led to my lifelong struggle from the charity stripeShaquille O'Neal
54.7%
I attended Indiana University but did not play a single game for the basketball teamLarry Bird
42.9%
I was the NBA's first black coachBill Russell
35.9%
I played in the ABA with a guy who was the bearer of 'Bad News'Moses Malone
10.7%
I coached the San Diego Conquistadors after my playing career endedWilt Chamberlain
10%
I 'forgot' to give Lew Alcindor a million-dollar check during negotiationsGeorge Mikan
9.4%
I have won the most All-Star Game MVP'sBob Pettit
8.1%
I was drafted by the Cleveland BrownsJohn Havlicek
4.8%
I played for my future father-in-law during collegeRick Barry
3.7%
2.2%

You're not logged in!

Compare scores with friends on all Sporcle quizzes.
Join for Free
OR
Log In

You Might Also Like...

Show Comments

Extras

Top Quizzes Today


Score Distribution

Your Account Isn't Verified!

In order to create a playlist on Sporcle, you need to verify the email address you used during registration. Go to your Sporcle Settings to finish the process.

Report this User

Report this user for behavior that violates our Community Guidelines.

Details: